000 00429 a2200109 4500
001 ART_39578
005 20260410162012.0
008 260409a
245 1 0 _aValidación e interpretación en la producción del conocimiento social
100 1 _aBonet, María Fernanda
773 0 _tDocumentos del CIECE
_gEnsayos sobre investigación del comportamiento de las organizaciones - Nº 5 (jul./dic. 2008)
_wREV39541
999 _c32278
_d32278